000 00230nam a2200097Ia 4500
008 120527s9999 xx 000 0 und d
100 _aABULKALAM,M.S.
245 _aDiagnostic Assays for colon cancer.
260 _bCRS
942 _cBK
999 _c23930
_d23930